Women's agency in the context of family networks in Indian diaspora (Record no. 69858)

000 -LEADER
fixed length control field 00977pab a2200193 454500
008 - FIXED-LENGTH DATA ELEMENTS--GENERAL INFORMATION
fixed length control field 180718b2006 xxu||||| |||| 00| 0 eng d
100 ## - MAIN ENTRY--PERSONAL NAME
Personal name Jain, Shobhita
245 ## - TITLE STATEMENT
Title Women's agency in the context of family networks in Indian diaspora
260 ## - PUBLICATION, DISTRIBUTION, ETC.
Date of publication, distribution, etc. 2006
300 ## - PHYSICAL DESCRIPTION
Extent p.2312-316.
362 ## - DATES OF PUBLICATION AND/OR SEQUENTIAL DESIGNATION
Dates of publication and/or sequential designation 10 Jun
520 ## - SUMMARY, ETC.
Summary, etc. In diasporic settings, such issues as to who is a citizen, who can enter the family networks after obtaining which kind of visa are also located in "family" domains. Women in diasporas collaborate, acquiesce, co-opt and at times subvert the communication channels in family networks in order to negotiate economic hardships and gender-based oppresson. In the process they tend to either become victims or emerge as stronger, more empowered and innovative beings. - Reproduced.
650 ## - SUBJECT ADDED ENTRY--TOPICAL TERM
Topical term or geographic name entry element Non resident - Indians
650 ## - SUBJECT ADDED ENTRY--TOPICAL TERM
Topical term or geographic name entry element Family - India
650 ## - SUBJECT ADDED ENTRY--TOPICAL TERM
Topical term or geographic name entry element Women - India
650 ## - SUBJECT ADDED ENTRY--TOPICAL TERM
Topical term or geographic name entry element Women
773 ## - HOST ITEM ENTRY
Main entry heading Economic and Political Weekly
909 ## -
-- 69858
Holdings
Withdrawn status Lost status Damaged status Not for loan Permanent Location Current Location Date acquired Serial Enumeration / chronology Barcode Date last seen Price effective from Koha item type
        Indian Institute of Public Administration Indian Institute of Public Administration 2018-07-19 Volume no: 41, Issue no: 23 AR70314 2018-07-19 2018-07-19 Articles

Powered by Koha